000 00316nam a2200133Ia 4500
008 150201s2014 xx 000 0 und d
082 _a621.381
_bRAS 3RD
100 _aRashid,Muhammad,H
245 _aPower electronics
250 _a3rd Ed.
260 _bPearson
_aN.Delhi
_c2014
300 _a834p.
942 _2ddc
_cBK
999 _c5809
_d5809